| 000 | 00348nam a2200133Ia 4500 | ||
|---|---|---|---|
| 008 | 240624s9999 xx 000 0 und d | ||
| 041 | _aeng | ||
| 082 | _a658.87 GUP | ||
| 100 | _aGUPTA S L | ||
| 245 | _aRETAILING AND E TAILING | ||
| 260 |
_c2011 _aNew Delhi _bInternational Book House Pvt. Ltd. |
||
| 300 | _a465 : p. : cm. ; 24 | ||
| 365 |
_cRS _b30 |
||
| 999 |
_c18976 _d18976 |
||